01268nam a2200301 a 450000100060000000300080000600500170001400800410003103500190007204000320009104100080012308200320013110000410016324501580020425000120036226000440037430000350041850000190045365000220047265100640049465100290055870000720058770000690065970000470072894200120077599900170078795201620080464288BD-RjUL20211209081305.0170213s1973 ii ac b 001 0 eng  a(BD-RjUL)64418 aDLCcMiRochOUdBD-RjULbeng aeng 223a913.340470924bWAO 19731 aWatters, Thomas,d1840-1901.919091510aOn Yuan Chwang's travels in India (629-645 A.D.) /cThomas Watters Edited after his death by T. W. Rhys Davids and S. W. Bushell and Vincent Arthur Smith a2nd ed. aDelhi :bMunshi Ram Manohar Lal,c1973. axiii, 357 p. :bill. ;c23 cm. aIncludes index 0aBuddhism.9171336 0aIndiaxDescription and travelxEarly works to 1800.9190916 0aIndiaxReligion.91709041 aDavids, T. W. Rhysq(Thomas William Rhys),d1843-1922,eed.91909171 aBushell, Stephen W.q(Stephen Wootton),d1844-1908,eed.91909181 aSmith, Vincent Arthur,d1848-1920.9190919 2ddccBK c64288d64288 00102ddc40718NFICaRUCLbRUCLcReadingd1980-05-10eK.P.Bangali Rco, Calcuttag80.00l0o913.340470924 WAO 1973r2017-02-13 00:00:00tC-1w2017-02-13yBK